American Poetry and Prose
Enregistré dans:
| Auteur principal: | |
|---|---|
| Format: | Livre |
| Langue: | Undetermined |
| Publié: |
Boston, Estados Unidos
Houghton Mifflin and Company
1970
|
| Édition: | 5 |
| Sujets: | |
| Tags: |
Ajouter un tag
Pas de tags, Soyez le premier à ajouter un tag!
|
MARC
| LEADER | 00000nam a2200000Ia 4500 | ||
|---|---|---|---|
| 008 | 170316s9999 xx 000 0 und d | ||
| 040 | |a cru BVZT | ||
| 090 | |a 810 F-14a | ||
| 100 | |a Foerster, Norman (editors) | ||
| 245 | |a American Poetry and Prose | ||
| 250 | |a 5 | ||
| 260 | |a Boston, Estados Unidos | ||
| 260 | |b Houghton Mifflin and Company | ||
| 260 | |c 1970 | ||
| 300 | |a 977 páginas Vol. 1. | ||
| 650 | |a LITERATURA ESTADOUNIDENSE | ||
| 999 | |c 5603 |d 5603 | ||
| 942 | |c 15 D |h 810 F-14a |2 z | ||
